000 00258nam a2200109Ia 4500
008 220805s9999 xx 000 0 und d
041 _aeng
082 _a1.642
100 _aSarika Karade
_987514
260 _bMarg pub
245 _aMS-CIT complete Guide marathi
999 _c48160
_d48160